[Event "Kesarovski Georgiev Memorial-B 12th"]
[Site "Sunny Beach"]
[Date "2013.09.08"]
[Round "9"]
[White "Yordanova, Svetla"]
[Black "Radulov, Ivan"]
[Result "1-0"]
[WhiteElo "2048"]
[BlackElo "2265"]
[PlyCount "87"]
[EventDate "2013.08.31"]
[EventType "swiss"]
[EventRounds "9"]
[EventCountry "BUL"]
[SourceTitle "CBM 156 Extra"]
[Source "ChessBase"]
[SourceDate "2013.10.22"]
[SourceVersion "1"]
[SourceVersionDate "2013.10.22"]
[SourceQuality "1"]

1. e4 e5 2. Nf3 Nc6 3. Bb5 g6 4. c3 Nge7 5. 0-0 Bg7 6. d4 exd4 7. cxd4 d5 8. Bxc6+ bxc6 9. e5 0-0 10. Re1 h6 11. b3 g5 12. h3 Re8 13. Ba3 Ng6 14. Nbd2 Bd7 15. Nf1 Qc8 16. Re3 Nf4 17. Ne1 Bf5 18. Ng3 Bg6 19. Rc1 Qa6 20. Bc5 Re6 21. Qd2 Rae8 22. Nf3 Nd3 23. Rc3 Nf4 24. b4 f6 25. Ra3 Qc8 26. exf6 Bxf6 27. Bxa7 Be4 28. Nxe4 dxe4 29. Nh2 Qd7 30. Bc5 Nd3 31. Ng4 Bg7 32. Re2 Bxd4 33. Bxd4 Qxd4 34. Ra5 Nf4 35. Nxh6+ Kh7 36. Nf5 Nxe2+ 37. Qxe2 Qf6 38. Qh5+ Kg8 39. Ne3 R8e7 40. Ra8+ Kg7 41. Nf5+ Qxf5 42. Qh8+ Kf7 43. Rf8+ Kg6 44. Rg8+ 1-0

[Event "Golden Sands Europe op 2nd"]
[Site "Golden Sands"]
[Date "2013.06.17"]
[Round "8"]
[White "Iovcov, Valerii"]
[Black "Radulov, Ivan"]
[Result "1-0"]
[WhiteElo "2178"]
[BlackElo "2304"]
[PlyCount "139"]
[EventDate "2013.06.10"]
[EventType "swiss"]
[EventRounds "9"]
[EventCountry "BUL"]
[SourceTitle "CBM 154 Extra"]
[Source "ChessBase"]
[SourceDate "2013.06.25"]
[SourceVersion "2"]
[SourceVersionDate "2013.06.25"]
[SourceQuality "1"]

1. e4 e5 2. Nf3 Nc6 3. Bc4 Bc5 4. c3 Nf6 5. d3 0-0 6. Nbd2 d5 7. exd5 Nxd5 8. 0-0 Bg4 9. Ne4 Be7 10. h3 Bh5 11. Ng3 Bg6 12. Re1 a6 13. Nxe5 Nxe5 14. Rxe5 Nb6 15. Bb3 Bf6 16. Re3 c5 17. Ne4 Be7 18. Re1 c4 19. dxc4 Qxd1 20. Bxd1 Nxc4 21. Nd2 Nxd2 22. Rxe7 Rad8 23. Rxb7 h5 24. h4 Rfe8 25. Bxd2 Rxd2 26. Bf3 Kh7 27. Rb6 a5 28. a4 Rc2 29. Rd1 Kh6 30. Rb5 f6 31. b4 Rxc3 32. Rxa5 Rc4 33. Rb5 Rxh4 34. a5 Bc2 35. Ra1 Bd3 36. Rb6 Re5 37. a6 Bxa6 38. g3 Rd4 39. Raxa6 Re1+ 40. Kg2 Rb1 41. b5 Rb2 42. Ra1 h4 43. gxh4 Rdb4 44. Bc6 Rg4+ 45. Kh3 Kh5 46. Be8+ g6 47. Rxf6 Rb3+ 48. f3 Rxh4+ 49. Kg3 Rg4+ 50. Kf2 Rb2+ 51. Ke3 Rb3+ 52. Kf2 Rb2+ 53. Kf1 Rgg2 54. Re6 Rgf2+ 55. Ke1 Rg2 56. Bxg6+ Rxg6 57. Rxg6 Kxg6 58. Ra6+ Kf5 59. Rb6 Ke5 60. Rb8 Kd6 61. Rb7 Kc5 62. Rf7 Kd6 63. b6 Ke6 64. Rh7 Ke5 65. b7 Kf4 66. Rf7+ Ke3 67. Kd1 Kd3 68. Kc1 Rb6 69. Rc7 Ke3 70. Kc2 1-0

[Event "Golden Sands Europe op 2nd"]
[Site "Golden Sands"]
[Date "2013.06.11"]
[Round "2"]
[White "Ashwin, Jayaram"]
[Black "Radulov, Ivan"]
[Result "1-0"]
[WhiteElo "2472"]
[BlackElo "2304"]
[PlyCount "63"]
[EventDate "2013.06.10"]
[EventType "swiss"]
[EventRounds "9"]
[EventCountry "BUL"]
[SourceTitle "CBM 154 Extra"]
[Source "ChessBase"]
[SourceDate "2013.06.25"]
[SourceVersion "2"]
[SourceVersionDate "2013.06.25"]
[SourceQuality "1"]

1. e4 e5 2. Nf3 Nc6 3. Bb5 g6 4. d4 exd4 5. Bg5 Be7 6. Bxe7 Ngxe7 7. Nxd4 0-0 8. Nc3 d5 9. Nxc6 bxc6 10. Bd3 Rb8 11. b3 f5 12. exf5 Nxf5 13. Bxf5 Rxf5 14. 0-0 Ba6 15. Re1 Qf6 16. Qd2 Rf8 17. f3 Qd6 18. Ne2 Re5 19. Ng3 Rfe8 20. Rxe5 Rxe5 21. Rd1 Qc5+ 22. Qf2 Qc3 23. Qd2 Qc5+ 24. Qf2 Qc3 25. h3 c5 26. Kh2 c6 27. Ne4 Rxe4 28. fxe4 Qe5+ 29. Qg3 Qxe4 30. Re1 Qf5 31. Qb8+ Kg7 32. Qxa7+ 1-0

[Event "Plovdiv Tringov Memorial 35th"]
[Site "Plovdiv"]
[Date "2013.02.07"]
[Round "6"]
[White "Radulov, Ivan"]
[Black "Petrov, Marian"]
[Result "0-1"]
[WhiteElo "2294"]
[BlackElo "2518"]
[PlyCount "76"]
[EventDate "2013.02.03"]
[EventType "swiss"]
[EventRounds "9"]
[EventCountry "BUL"]
[SourceTitle "CBM 152 Extra"]
[Source "ChessBase"]
[SourceDate "2013.02.25"]
[SourceVersion "1"]
[SourceVersionDate "2013.02.25"]
[SourceQuality "1"]

1. Nf3 g6 2. g3 Bg7 3. d4 c5 4. d5 d6 5. Bg2 Nf6 6. 0-0 0-0 7. c4 e6 8. Nc3 exd5 9. cxd5 a6 10. a4 Nbd7 11. h3 Re8 12. Qc2 Rb8 13. a5 Nh5 14. e4 Ne5 15. Nxe5 Bxe5 16. f4 Bd4+ 17. Kh2 f5 18. Bd2 b5 19. axb6 Qxb6 20. Na4 Qb3 21. Qxb3 Rxb3 22. Bc3 fxe4 23. Rad1 e3 24. Rfe1 e2 25. Rd2 Bf2 26. Rdxe2 Bxg3+ 27. Kh1 Rxe2 28. Rxe2 Bd7 29. Nxc5 dxc5 30. Re7 Rxc3 31. bxc3 Nf6 32. d6 Bh4 33. Bd5+ Nxd5 34. Rxd7 Nf6 35. Rd8+ Kf7 36. d7 Ke7 37. Rf8 Kxd7 38. Ra8 a5 0-1

[Event "Plovdiv Tringov Memorial 35th"]
[Site "Plovdiv"]
[Date "2013.02.05"]
[Round "3"]
[White "Fier, Alexandr"]
[Black "Radulov, Ivan"]
[Result "1-0"]
[WhiteElo "2577"]
[BlackElo "2294"]
[PlyCount "99"]
[EventDate "2013.02.03"]
[EventType "swiss"]
[EventRounds "9"]
[EventCountry "BUL"]
[SourceTitle "CBM 152 Extra"]
[Source "ChessBase"]
[SourceDate "2013.02.25"]
[SourceVersion "1"]
[SourceVersionDate "2013.02.25"]
[SourceQuality "1"]

1. e4 e5 2. f4 exf4 3. Bc4 Nf6 4. Nc3 Bb4 5. Nge2 0-0 6. d3 d5 7. exd5 Nxd5 8. 0-0 Be6 9. Nxd5 Bxd5 10. Bxd5 Qxd5 11. Nxf4 Qd7 12. Nh5 Nc6 13. c3 Bd6 14. d4 Kh8 15. Qf3 f5 16. Bf4 Rae8 17. Rae1 g6 18. Rxe8 Qxe8 19. Bxd6 cxd6 20. Nf4 Qf7 21. Nd5 Re8 22. g4 Rf8 23. gxf5 Qxf5 24. Qxf5 Rxf5 25. Rxf5 gxf5 26. Kf2 Kg7 27. Kg3 Kf7 28. Kh4 Ke6 29. Nf4+ Kf6 30. Kh5 Ne7 31. Kh6 Ng6 32. Nh5+ Kf7 33. Kxh7 f4 34. Kh6 f3 35. Kg5 f2 36. Ng3 Ne7 37. Kg4 Nd5 38. Kf3 Nb6 39. b3 Nd5 40. c4 Nb4 41. a4 Nc2 42. d5 Nd4+ 43. Kxf2 Nxb3 44. Nf5 Na5 45. Nxd6+ Kf6 46. h4 Ke5 47. h5 Kf6 48. Ke3 Kg5 49. Kd4 Kxh5 50. Kc3 1-0

[Event "Kesarovski Georgiev Memorial 11th"]
[Site "Sunny Beach"]
[Date "2012.09.05"]
[Round "5"]
[White "Radulov, Ivan"]
[Black "Cioara, Andrei Nestor"]
[Result "1-0"]
[WhiteElo "2297"]
[BlackElo "2496"]
[PlyCount "67"]
[EventDate "2012.09.01"]
[EventType "swiss"]
[EventRounds "9"]
[EventCountry "BUL"]
[SourceTitle "CBM 150 Extra"]
[Source "ChessBase"]
[SourceDate "2012.10.19"]
[SourceVersion "1"]
[SourceVersionDate "2012.10.19"]
[SourceQuality "1"]

1. Nf3 Nf6 2. g3 e6 3. Bg2 c5 4. c4 d5 5. cxd5 exd5 6. d4 Nc6 7. 0-0 Be7 8. Nc3 0-0 9. dxc5 Bxc5 10. Bg5 d4 11. Bxf6 Qxf6 12. Ne4 Qe7 13. Nxc5 Qxc5 14. Rc1 Qb6 15. Qc2 h6 16. Rfd1 Be6 17. b3 Rfd8 18. Rd2 a5 19. h3 Rac8 20. Qb2 Rc7 21. Qa3 Rcd7 22. Qc5 Qa6 23. Rcd1 Rd5 24. Qa3 Qb6 25. Qb2 R5d7 26. Ne1 Na7 27. Nd3 Nb5 28. Ne5 Rc7 29. e3 Bd5 30. Rxd4 Nxd4 31. Qxd4 Qxd4 32. Rxd4 Rc5 33. Nd3 Rb5 34. e4 1-0

[Event "Albena Masters op"]
[Site "Albena"]
[Date "2012.06.03"]
[Round "9"]
[White "Mgeladze, Tamaz"]
[Black "Radulov, Ivan"]
[Result "1/2-1/2"]
[WhiteElo "2195"]
[BlackElo "2309"]
[PlyCount "25"]
[EventDate "2012.05.26"]
[EventType "swiss"]
[EventRounds "9"]
[EventCountry "BUL"]
[SourceTitle "CBM 148 Extra"]
[Source "ChessBase"]
[SourceDate "2012.06.22"]
[SourceVersion "1"]
[SourceVersionDate "2012.06.22"]
[SourceQuality "1"]

1. c4 c5 2. Nc3 Nc6 3. g3 g6 4. Bg2 Bg7 5. Nf3 e6 6. 0-0 Nge7 7. d3 0-0 8. Bg5 h6 9. Bd2 b6 10. a3 Bb7 11. Rb1 d6 12. b4 Qd7 13. b5 1/2-1/2

[Event "Albena Masters op"]
[Site "Albena"]
[Date "2012.05.28"]
[Round "3"]
[White "Lu, Shanglei"]
[Black "Radulov, Ivan"]
[Result "1-0"]
[WhiteElo "2522"]
[BlackElo "2309"]
[PlyCount "95"]
[EventDate "2012.05.26"]
[EventType "swiss"]
[EventRounds "9"]
[EventCountry "BUL"]
[SourceTitle "CBM 148 Extra"]
[Source "ChessBase"]
[SourceDate "2012.06.22"]
[SourceVersion "1"]
[SourceVersionDate "2012.06.22"]
[SourceQuality "1"]

1. e4 e5 2. Nc3 Nc6 3. g3 g6 4. Bg2 Bg7 5. d3 d6 6. f4 Nge7 7. Nge2 Be6 8. Nd5 Qd7 9. fxe5 dxe5 10. c4 Bg4 11. h3 Bxe2 12. Qxe2 Nd4 13. Qf2 Nxd5 14. exd5 0-0 15. 0-0 f5 16. Be3 c5 17. dxc6 bxc6 18. Bxd4 exd4 19. Qf3 Rac8 20. Rae1 Bh6 21. Re5 Rfe8 22. Rxe8+ Qxe8 23. g4 Qe3+ 24. Qxe3 Bxe3+ 25. Kh1 fxg4 26. hxg4 Kg7 27. b4 c5 28. b5 Rf8 29. Bf3 Kf6 30. a4 Bd2 31. Rf2 Ba5 32. Re2 Bb6 33. Kg2 Kg5 34. Re7 h5 35. gxh5 gxh5 36. Rh7 Rf5 37. Rxh5+ Kf4 38. Rh3 Ke5 39. Rh7 Rf6 40. Kg3 Kd6 41. Bg4 Rf1 42. a5 Bxa5 43. Rd7+ Ke5 44. Rxa7 Bb6 45. Re7+ Kd6 46. Rd7+ Ke5 47. Rd5+ Kf6 48. Rd6+ 1-0

[Event "Sunny Beach op 10th"]
[Site "Sunny Beach"]
[Date "2011.09.04"]
[Round "9"]
[White "Radulov, Ivan"]
[Black "Ryabov, Igor"]
[Result "1-0"]
[WhiteElo "2288"]
[BlackElo "1994"]
[PlyCount "35"]
[EventDate "2011.08.27"]
[EventType "swiss"]
[EventRounds "9"]
[EventCountry "BUL"]
[SourceTitle "CBM 144 Extra"]
[Source "ChessBase"]
[SourceDate "2011.10.28"]
[SourceVersion "1"]
[SourceVersionDate "2011.10.28"]
[SourceQuality "1"]

1. Nf3 Nf6 2. d4 d5 3. c4 c6 4. Nc3 e6 5. e3 Be7 6. Bd3 0-0 7. b3 Nbd7 8. 0-0 b6 9. Qe2 Bb7 10. cxd5 cxd5 11. Bb2 Ne4 12. Rfc1 Nxc3 13. Rxc3 Bb4 14. Rc2 Bd6 15. Rac1 Qe7 16. Ba6 Nf6 17. Ne5 Rac8 18. Rxc8 1-0

[Event "Sunny Beach op 10th"]
[Site "Sunny Beach"]
[Date "2011.09.02"]
[Round "7"]
[White "Radulov, Ivan"]
[Black "Daskalov, Dimitar"]
[Result "1-0"]
[WhiteElo "2288"]
[BlackElo "2035"]
[PlyCount "87"]
[EventDate "2011.08.27"]
[EventType "swiss"]
[EventRounds "9"]
[EventCountry "BUL"]
[SourceTitle "CBM 144 Extra"]
[Source "ChessBase"]
[SourceDate "2011.10.28"]
[SourceVersion "1"]
[SourceVersionDate "2011.10.28"]
[SourceQuality "1"]

1. Nf3 Nf6 2. d4 g6 3. c4 Bg7 4. g3 0-0 5. Bg2 c5 6. 0-0 cxd4 7. Nxd4 Nc6 8. Nc3 Ng4 9. e3 d6 10. b3 Nxd4 11. exd4 Nh6 12. Bb2 Nf5 13. Ne2 Rb8 14. Qd3 Bd7 15. Rab1 b5 16. c5 Rc8 17. b4 Be6 18. Qxb5 dxc5 19. dxc5 Rb8 20. Qa4 Qd2 21. Bxg7 Nxg7 22. Nf4 Qxa2 23. Qxa2 Bxa2 24. Rb2 g5 25. Ra1 Bc4 26. Nd5 Bxd5 27. Bxd5 Rfd8 28. Bg2 Rd7 29. Bh3 f5 30. Bg2 Kf8 31. b5 e5 32. Ra6 Kf7 33. Bf1 Rc7 34. c6 Ne6 35. Rba2 Ke7 36. Rxa7 Kd6 37. Rxc7 Nxc7 38. Rd2+ Kc5 39. Rd7 Kb6 40. Rxh7 Rf8 41. Re7 e4 42. g4 fxg4 43. Rxe4 Nxb5 44. Rb4 1-0

[Event "Sunny Beach op 10th"]
[Site "Sunny Beach"]
[Date "2011.08.31"]
[Round "5"]
[White "Radulov, Ivan"]
[Black "Georgescu, Tiberiu Marian"]
[Result "1/2-1/2"]
[WhiteElo "2288"]
[BlackElo "2397"]
[PlyCount "70"]
[EventDate "2011.08.27"]
[EventType "swiss"]
[EventRounds "9"]
[EventCountry "BUL"]
[SourceTitle "CBM 144 Extra"]
[Source "ChessBase"]
[SourceDate "2011.10.28"]
[SourceVersion "1"]
[SourceVersionDate "2011.10.28"]
[SourceQuality "1"]

1. Nf3 Nf6 2. d4 g6 3. g3 Bg7 4. Bg2 0-0 5. 0-0 d6 6. c4 c6 7. Nc3 Qa5 8. e4 e5 9. d5 cxd5 10. cxd5 b5 11. Re1 b4 12. Nb1 Nbd7 13. Nbd2 Ba6 14. Nb3 Qa4 15. a3 Bc4 16. Nfd2 Nb6 17. axb4 Qxb4 18. Na5 Bb5 19. b3 Bh6 20. Bf1 Rfc8 21. Ndc4 Bxc1 22. Qxc1 Nxc4 23. bxc4 Ba4 24. Qa3 Qxa5 25. Qxa4 Qxa4 26. Rxa4 Kf8 27. Bh3 Rc7 28. f4 Re8 29. fxe5 Rxe5 30. Bg2 a5 31. Rxa5 Rxc4 32. Ra6 Nxd5 33. Rxd6 Nc3 34. Kf2 Kg7 35. Rd2 h5 1/2-1/2

[Event "Albena op 19th"]
[Site "Albena"]
[Date "2011.07.02"]
[Round "8"]
[White "Radulov, Ivan"]
[Black "Cheparinov, Ivan"]
[Result "0-1"]
[WhiteElo "2288"]
[BlackElo "2669"]
[PlyCount "66"]
[EventDate "2011.06.25"]
[EventType "swiss"]
[EventRounds "9"]
[EventCountry "BUL"]
[SourceTitle "CBM 143 Extra"]
[Source "ChessBase"]
[SourceDate "2011.08.29"]
[SourceVersion "1"]
[SourceVersionDate "2011.08.29"]
[SourceQuality "1"]

1. Nf3 g6 2. g3 Bg7 3. d4 Nf6 4. Bg2 0-0 5. 0-0 d5 6. c4 dxc4 7. Na3 c3 8. bxc3 c5 9. Bb2 Nc6 10. e3 Bf5 11. Nd2 Bg4 12. Qa4 Qd7 13. Rfe1 a6 14. Bxc6 bxc6 15. Nac4 Qf5 16. Qxc6 Rfc8 17. Qa4 Ne4 18. f3 Bxf3 19. Rf1 Ng5 20. Nxf3 Nxf3+ 21. Kg2 Qd5 22. Rxf3 Rab8 23. e4 Qxe4 24. Ba3 cxd4 25. Nd2 Qa8 26. c4 Bh6 27. Rd1 Rb6 28. Qc2 Re6 29. Nf1 Rf6 30. Qf2 Rxc4 31. Rdd3 e5 32. Be7 Rxf3 33. Rxf3 Qe4 0-1

[Event "BUL-chT-B 60th"]
[Site "Albena"]
[Date "2010.06.01"]
[Round "8.4"]
[White "Radulov, Ivan"]
[Black "Stanoev, Atanas"]
[Result "0-1"]
[WhiteElo "2292"]
[BlackElo "2222"]
[PlyCount "98"]
[EventDate "2010.05.27"]
[EventType "team-tourn"]
[EventRounds "9"]
[EventCountry "BUL"]
[SourceTitle "CBM 136 Extra"]
[Source "ChessBase"]
[SourceDate "2010.07.02"]
[SourceVersion "2"]
[SourceVersionDate "2010.07.15"]
[SourceQuality "1"]
[WhiteTeam "Dobrich Albena"]
[BlackTeam "Blagoevgrad Victory"]
[WhiteTeamCountry "BUL"]
[BlackTeamCountry "BUL"]

1. Nf3 Nf6 2. g3 g6 3. Bg2 Bg7 4. 0-0 0-0 5. d4 d6 6. c4 Nbd7 7. Nc3 e5 8. h3 c6 9. e4 exd4 10. Nxd4 Re8 11. Be3 a5 12. Qc2 a4 13. Rad1 Qa5 14. Rfe1 h5 15. f4 Nc5 16. Bf2 Qb4 17. a3 Qa5 18. e5 dxe5 19. Rxe5 Rxe5 20. fxe5 Nh7 21. Bxc6 Bxh3 22. Bd5 Nf8 23. Ne4 Nxe4 24. Qxe4 Re8 25. Bxb7 Bg4 26. Re1 Rxe5 27. Nc6 Rxe4 28. Nxa5 Rxe1+ 29. Bxe1 Bxb2 30. Bb4 Ne6 31. Nc6 Kg7 32. Kg2 Be2 33. c5 Kf6 34. Nb8 Ke7 35. c6+ Ke8 36. c7 Nxc7 37. Bc6+ Kd8 38. Bxa4 Nb5 39. Kf2 Bc4 40. Nc6+ Kc7 41. Na5 Bd4+ 42. Ke1 Nc3 43. Nxc4 Nxa4 44. Ke2 Kc6 45. Kd3 Ba1 46. Ke4 Nc5+ 47. Bxc5 Kxc5 48. Ne5 Bxe5 49. Kxe5 Kb5 0-1

[Event "BUL-chT-B 60th"]
[Site "Albena"]
[Date "2010.05.29"]
[Round "4.2"]
[White "Radulov, Ivan"]
[Black "Shishkov, Minko"]
[Result "1-0"]
[WhiteElo "2292"]
[BlackElo "2277"]
[PlyCount "83"]
[EventDate "2010.05.27"]
[EventType "team-tourn"]
[EventRounds "9"]
[EventCountry "BUL"]
[SourceTitle "CBM 136 Extra"]
[Source "ChessBase"]
[SourceDate "2010.07.02"]
[SourceVersion "2"]
[SourceVersionDate "2010.07.15"]
[SourceQuality "1"]
[WhiteTeam "Dobrich Albena"]
[BlackTeam "Abritus"]
[WhiteTeamCountry "BUL"]
[BlackTeamCountry "BUL"]

1. Nf3 g6 2. g3 Bg7 3. d4 c5 4. Bg2 Nf6 5. 0-0 0-0 6. c4 d5 7. cxd5 Nxd5 8. Nc3 Nxc3 9. bxc3 Qa5 10. Bb2 Nc6 11. Nd2 cxd4 12. cxd4 Qh5 13. e3 Bg4 14. Qb3 Rfd8 15. Rac1 Rab8 16. Rc5 Qh6 17. Ne4 Bd7 18. Rfc1 Be8 19. d5 Ne5 20. Rc7 Rd7 21. Rc8 Rd8 22. Rxd8 Rxd8 23. Qxb7 Ng4 24. h3 Bxb2 25. Qxb2 Nxe3 26. fxe3 Qxe3+ 27. Kh2 f5 28. Nc5 Bf7 29. Qc3 Qg5 30. h4 Qh6 31. Re1 g5 32. Rxe7 gxh4 33. Ne6 hxg3+ 34. Kg1 Bxe6 35. Qxg3+ Qg6 36. Qxg6+ hxg6 37. dxe6 a6 38. Rd7 Re8 39. Ra7 Kf8 40. Rf7+ Kg8 41. Bd5 Rd8 42. e7 1-0

[Event "BUL-chT-B 60th"]
[Site "Albena"]
[Date "2010.05.28"]
[Round "2.1"]
[White "Rusev, Jeliazko"]
[Black "Radulov, Ivan"]
[Result "1/2-1/2"]
[WhiteElo "2258"]
[BlackElo "2292"]
[PlyCount "63"]
[EventDate "2010.05.27"]
[EventType "team-tourn"]
[EventRounds "9"]
[EventCountry "BUL"]
[SourceTitle "CBM 136 Extra"]
[Source "ChessBase"]
[SourceDate "2010.07.02"]
[SourceVersion "2"]
[SourceVersionDate "2010.07.15"]
[SourceQuality "1"]
[WhiteTeam "Jambol Tundja"]
[BlackTeam "Dobrich Albena"]
[WhiteTeamCountry "BUL"]
[BlackTeamCountry "BUL"]

1. d4 d5 2. Nf3 Nf6 3. Bg5 e6 4. e3 c5 5. Nbd2 Nc6 6. c3 Bd6 7. Bd3 0-0 8. Qc2 h6 9. Bh4 a6 10. Bg3 Bxg3 11. hxg3 Qe7 12. Ne5 Nxe5 13. dxe5 Ng4 14. Nf3 Qc7 15. Rh5 g6 16. Rh4 Nxe5 17. Rxh6 Kg7 18. Rh4 Bd7 19. 0-0-0 Rh8 20. Rdh1 Rxh4 21. Rxh4 Rh8 22. Rxh8 Kxh8 23. e4 dxe4 24. Bxe4 Nxf3 25. gxf3 f5 26. Bd3 Bc6 27. Qd2 Kg7 28. Qe3 Qd6 29. f4 Kf6 30. b3 b5 31. Be2 a5 32. Qd3 1/2-1/2

[Event "Sofia Asenova&Ivanova Memorial"]
[Site "Sofia"]
[Date "2010.04.22"]
[Round "3"]
[White "Radulov, Ivan"]
[Black "Drenchev, Petar"]
[Result "0-1"]
[WhiteElo "2292"]
[BlackElo "2486"]
[PlyCount "102"]
[EventDate "2010.04.21"]
[EventType "swiss"]
[EventRounds "9"]
[EventCountry "BUL"]
[SourceTitle "CBM 135 Extra"]
[Source "ChessBase"]
[SourceDate "2010.05.04"]
[SourceVersion "1"]
[SourceVersionDate "2010.05.04"]
[SourceQuality "1"]

1. Nf3 d5 2. g3 Nf6 3. Bg2 e6 4. 0-0 Be7 5. d4 0-0 6. c4 dxc4 7. Qa4 a6 8. Qxc4 b5 9. Qc2 Bb7 10. Bf4 Nd5 11. Bd2 Nd7 12. Nc3 c5 13. Nxd5 Bxd5 14. dxc5 Nxc5 15. Ng5 g6 16. Bxd5 Qxd5 17. Rfd1 Rac8 18. Be3 Na4 19. Qxc8 Rxc8 20. Rxd5 exd5 21. Rd1 Nxb2 22. Rxd5 Nc4 23. Bd4 Bxg5 24. Rxg5 f5 25. g4 Nd6 26. gxf5 Nxf5 27. Be5 Rc5 28. f4 Rc4 29. Kf2 Ra4 30. Rg1 Rxa2 31. Rc1 b4 32. Rc7 a5 33. Rb7 Kf8 34. Kf3 Ra3+ 35. Ke4 Ne3 36. Bd4 Nf5 37. Be5 Re3+ 38. Kd5 Rxe2 39. Ke6 Ng7+ 40. Kf6 Nh5+ 41. Kg5 Rg2+ 42. Kh6 Rxh2 43. Ra7 b3 44. Rxa5 Kf7 45. f5 Ng3+ 46. Kg5 Rh5+ 47. Kf4 Rxf5+ 48. Kxg3 Ke6 49. Ra7 Rxe5 50. Rxh7 Rb5 51. Rh1 b2 0-1

[Event "Sofia Asenova&Ivanova Memorial"]
[Site "Sofia"]
[Date "2010.04.21"]
[Round "1"]
[White "Radulov, Ivan"]
[Black "Kosturski, Ivan"]
[Result "1-0"]
[WhiteElo "2292"]
[BlackElo "1790"]
[PlyCount "53"]
[EventDate "2010.04.21"]
[EventType "swiss"]
[EventRounds "9"]
[EventCountry "BUL"]
[SourceTitle "CBM 135 Extra"]
[Source "ChessBase"]
[SourceDate "2010.05.04"]
[SourceVersion "1"]
[SourceVersionDate "2010.05.04"]
[SourceQuality "1"]

1. Nf3 g6 2. g3 Bg7 3. d4 d6 4. Bg2 Nc6 5. 0-0 Bg4 6. d5 Bxf3 7. Bxf3 Ne5 8. Bg2 f5 9. c4 Qd7 10. Qb3 b6 11. Nc3 a6 12. e4 Nf6 13. exf5 Qxf5 14. a4 Qd3 15. a5 Qxc4 16. Qxc4 Nxc4 17. axb6 cxb6 18. Re1 h5 19. h3 Bh6 20. f4 Kd7 21. b3 Na5 22. Na4 Rhb8 23. Be4 Nxb3 24. Rb1 Nc5 25. Nxb6+ Ke8 26. Nxa8 Rxa8 27. Bxg6+ 1-0

[Event "BUL-chT-B Group qual final"]
[Site "Sofia"]
[Date "2010.02.21"]
[Round "1.3"]
[White "Trichkov, Vasil"]
[Black "Radulov, Ivan"]
[Result "1-0"]
[WhiteElo "2312"]
[BlackElo "2295"]
[PlyCount "93"]
[EventDate "2010.02.21"]
[EventType "team-match"]
[EventRounds "1"]
[EventCountry "BUL"]
[SourceTitle "CBM 135 Extra"]
[Source "ChessBase"]
[SourceDate "2010.05.04"]
[SourceVersion "1"]
[SourceVersionDate "2010.05.04"]
[SourceQuality "1"]
[WhiteTeam "Sofia Slavia"]
[BlackTeam "Dobrich Albena"]
[WhiteTeamCountry "BUL"]
[BlackTeamCountry "BUL"]

1. d4 d5 2. Nf3 Nf6 3. c4 dxc4 4. Nc3 e6 5. Qa4+ Nbd7 6. g3 Be7 7. Bg2 0-0 8. Qxc4 c5 9. dxc5 Bxc5 10. 0-0 a6 11. b4 Be7 12. Qb3 a5 13. b5 Nc5 14. Qc2 a4 15. Be3 Qa5 16. Ne5 Nfd7 17. Nc4 Qb4 18. Nd2 Qa5 19. Rab1 Nb6 20. Rfc1 Rd8 21. Nde4 Nxe4 22. Nxe4 Nd5 23. Bd2 Qa7 24. Ng5 Bxg5 25. Bxg5 f6 26. Bd2 Bd7 27. e4 Ne7 28. Be3 Qa5 29. Qc7 Nc8 30. Qxb7 Nd6 31. Qb6 Nxb5 32. Qxa5 Rxa5 33. Bb6 Raa8 34. Bxd8 Rxd8 35. Rb4 e5 36. Rc5 Nd4 37. Rd5 Kf7 38. Bh3 Bxh3 39. Rxd8 Ne2+ 40. Kh1 Nc3 41. a3 h5 42. Rd3 Ne2 43. Rxa4 g5 44. Rc4 h4 45. Rc2 Bf1 46. Rd1 Nd4 47. Rc7+ 1-0